[Event "Cardiff Welsh Spring op"]
[Site "Cardiff"]
[Date "2023.03.05"]
[Round "5"]
[White "Korovski, Georgi"]
[Black "Kong, Emma Zihan"]
[Result "1-0"]
[WhiteElo "1841"]
[BlackElo "1188"]
[PlyCount "81"]
[EventDate "2023.03.04"]
[EventType "swiss"]
[EventRounds "5"]
[EventCountry "WLS"]
[SourceTitle "EXT 2024"]
[Source "ChessBase"]
[SourceDate "2023.10.10"]
[SourceVersion "1"]
[SourceVersionDate "2023.10.10"]
[SourceQuality "1"]

1. d4 d5 2. Nf3 c6 3. e3 Bf5 4. Bd3 Bxd3 5. Qxd3 Nf6 6. 0-0 e6 7. Nbd2 Be7 8. e4 dxe4 9. Nxe4 h6 10. c3 a6 11. Bf4 c5 12. Rad1 Nc6 13. Nxc5 Bxc5 14. dxc5 Qxd3 15. Rxd3 Rc8 16. Bd6 Rd8 17. Re1 Nd7 18. Red1 Rc8 19. Kf1 f6 20. h4 Kf7 21. h5 Rhd8 22. Nh4 Nde5 23. Bxe5 Rxd3 24. Rxd3 Nxe5 25. Rd6 Rc7 26. b4 Rd7 27. Rxd7+ Nxd7 28. f4 f5 29. Nf3 Nf6 30. Ne5+ Ke7 31. Ke2 Nxh5 32. Kf3 Nf6 33. c4 Nd7 34. Nd3 g5 35. a4 gxf4 36. Kxf4 Kf6 37. a5 e5+ 38. Ke3 Kg5 39. b5 e4 40. c6 bxc6 41. bxc6 1-0

[Event "Cardiff Welsh Spring op"]
[Site "Cardiff"]
[Date "2023.03.04"]
[Round "1"]
[White "Korovski, Georgi"]
[Black "Davies, Rhys1111"]
[Result "1-0"]
[WhiteElo "1841"]
[BlackElo "1216"]
[PlyCount "55"]
[EventDate "2023.03.04"]
[EventType "swiss"]
[EventRounds "5"]
[EventCountry "WLS"]
[SourceTitle "EXT 2024"]
[Source "ChessBase"]
[SourceDate "2023.10.10"]
[SourceVersion "1"]
[SourceVersionDate "2023.10.10"]
[SourceQuality "1"]

1. d4 d5 2. Nf3 e6 3. e3 c5 4. c3 Nc6 5. Bd3 Nf6 6. 0-0 Bd6 7. Nbd2 0-0 8. Qe2 Re8 9. dxc5 Bxc5 10. e4 e5 11. exd5 Nxd5 12. Ne4 Nf4 13. Bxf4 Bf5 14. Nxc5 Bxd3 15. Qxd3 exf4 16. Qxd8 Raxd8 17. Rad1 b6 18. Nb3 Rc8 19. Nbd4 Na5 20. Rfe1 Rf8 21. Ne5 f6 22. Nd3 g5 23. Re7 Nc4 24. Rxa7 Rfd8 25. Re1 Nd6 26. Ree7 Ne8 27. Nf5 Rxd3 28. Nh6+ 1-0

[Event "Cardiff Welsh Spring op"]
[Site "Cardiff"]
[Date "2023.03.04"]
[Round "2"]
[White "Powell Jones, Liam"]
[Black "Korovski, Georgi"]
[Result "1/2-1/2"]
[WhiteElo "1250"]
[BlackElo "1841"]
[PlyCount "97"]
[EventDate "2023.03.04"]
[EventType "swiss"]
[EventRounds "5"]
[EventCountry "WLS"]
[SourceTitle "EXT 2024"]
[Source "ChessBase"]
[SourceDate "2023.10.10"]
[SourceVersion "1"]
[SourceVersionDate "2023.10.10"]
[SourceQuality "1"]

1. e4 d6 2. Nc3 Nf6 3. Nf3 g6 4. d4 Bg7 5. Bc4 0-0 6. Bg5 h6 7. Bxf6 Bxf6 8. Qd2 Bg7 9. 0-0-0 Nd7 10. h4 h5 11. Kb1 c5 12. dxc5 Nxc5 13. e5 Bg4 14. exd6 Bxf3 15. dxe7 Qxe7 16. gxf3 Rfd8 17. Nd5 Qe5 18. Qb4 a5 19. f4 Qxd5 20. Rxd5 axb4 21. Rxc5 Rd4 22. f5 Rad8 23. c3 bxc3 24. bxc3 Rf4 25. fxg6 Rxf2 26. gxf7+ Kf8 27. Bb3 b5 28. a3 Rf3 29. Rc1 Rh3 30. Rxb5 Ra8 31. Kb2 Rh2+ 32. Rc2 Rxc2+ 33. Bxc2 Kxf7 34. Rxh5 Rc8 35. Rf5+ Ke6 36. Rf3 Kd5 37. Bb3+ Ke4 38. Rh3 Kf4 39. h5 Rc6 40. Rf3+ Kxf3 41. Bd5+ Kg4 42. Bxc6 Kxh5 43. a4 Bh6 44. a5 Kg6 45. Kb3 Kf6 46. Kb4 Be3 47. Kb5 Ke6 48. Kb4 Kd6 49. Bg2 1/2-1/2